| 000 | 00641nam a22001817a 4500 | ||
|---|---|---|---|
| 003 | CEME | ||
| 005 | 20210628202024.0 | ||
| 008 | 210129b xxu||||| |||| 00| 0 eng d | ||
| 020 | _a0-393-32671-3 | ||
| 040 | _c. | ||
| 082 | _a973 NIN | ||
| 100 |
_aNational Commission Of Terrorist Attack _957927 |
||
| 245 | _aThe 9/11 commission report,final report of the national commission on terrorist attacks upon the united states | ||
| 260 |
_aNEW YORK _bW.W NORTON _c2004 |
||
| 300 | _aXVIII,567P | ||
| 650 |
_aTHE 9/11 COMMISSION REPORT.NATIONAL COMMISSION ON TERRORIST ATTACKS UPON THE UNITED STATES.ATTACKS ON USA _957928 |
||
| 942 |
_cBK _2ddc |
||
| 999 |
_c568167 _d568167 |
||